| 000 | 01028nam a2200253 i 4500 | ||
|---|---|---|---|
| 001 | 102959 | ||
| 003 | ES-MaACL | ||
| 005 | 20250727183143.0 | ||
| 007 | t| | ||
| 008 | 051222s2005 sp ||||1| spa d | ||
| 080 | _a012 Rodríguez Marín, Francisco | ||
| 080 | _a016: 821.134.2 Cervantes Saavedra, Miguel de 7 Quijote .06 | ||
| 245 | 0 | 3 |
_aEl Quijote, Rodríguez Marín y el CSIC : _bexposición / _c[comisario científico, Carmen Simón Palmer ; organización, Pilar Martínez Olmo]. |
| 260 |
_aMadrid : _bInstituto de la Lengua Española, _c2005. |
||
| 300 |
_a47 p. ; _c21 cm. |
||
| 504 | _aBibliografía: p. 46-47. | ||
| 600 | 1 | 4 |
_aRodríguez Marín, Francisco, _d1855-1943- _vExposiciones _998636 |
| 600 | 1 | 4 |
_aCervantes Saavedra, Miguel de, _d1547-1616. _tDon Quijote de la Mancha- _vExposiciones _937619 |
| 655 | 7 |
_2tgfbne _9193628 _aCatálogos de exposiciones |
|
| 710 | 2 |
_aInstituto de la Lengua Española. _9149379 |
|
| 852 |
_aES-MaACL _j2200-F-7 |
||
| 942 | _2udc | ||
| 999 |
_c102959 _d102959 |
||